| 000 | 01347nam a2200325 i 4500 | ||
|---|---|---|---|
| 003 | EG-ScBUE | ||
| 005 | 20240219140656.0 | ||
| 008 | 100620s1988 ua o f b 000 0baara d | ||
| 020 | _a1987 / 8690 | ||
| 040 |
_aEG-ScBUE _bara _erda _cEG-ScBUE _dEG-ScBUE |
||
| 043 |
_aawba--- _aawgz--- |
||
| 082 | 0 | 4 |
_222 _a956.04 _bا ل ف |
| 100 | 1 |
_914910 _aالفرا، محمد، _eمؤلف. |
|
| 245 | 1 | 0 |
_aسنوات بلا قرار / _cدكتور محمد الفرا. |
| 250 | _aالطبعة الأولى. | ||
| 264 | 1 |
_aالقاهرة : _bمركز الأهرام للترجمة والنشر، _c1988. |
|
| 300 |
_a245 صفحة : _bصور ؛ _c24 سم |
||
| 336 |
_2rdacontent _aنص _btxt |
||
| 337 |
_aبدون وسيط _2rdamedia _bn |
||
| 338 |
_aمجلد _bnc _2rdacarrier |
||
| 504 | _aيشتمل على إرجاعات ببليوجرافية. | ||
| 541 |
_cإهداء ؛ _aعلاء عبد الغني. |
||
| 600 | 1 | 7 |
_aالفرا، محمد _xمذكرات. _2BUEsh |
| 650 | 7 |
_98530 _aالقضية الفلسطينية. _2BUEsh |
|
| 650 | 7 |
_aالنزاع العربي الإسرائيلي. _2BUEsh |
|
| 650 | 7 |
_aالسياسيون الفلسطينيون _vتراجم. _2BUEsh |
|
| 651 | 7 |
_2BUEsh _aفلسطين _xتاريخ _yالعصر الحديث _yالاحتلال الصهيوني. |
|
| 655 | _vReading book | ||
| 942 |
_2ddc _cBB |
||
| 999 |
_c14125 _d14125 |
||